Mathematics General Knowledge #2 - Statistics

General Stats
  • This quiz has been taken 2,444 times
  • The average score is 11 of 22
Answer Stats
Hint Answer % Correct
What perfect square comes after 25? 36
92%
What is the circumference of a circle divided by the diameter? Pi
83%
Length x Height x Width = ? Volume
80%
What is 16^2? 256
75%
What is one tenth of a centimeter? Millimeter
74%
What place is the "4" in, in the number 32.45 Tenth
67%
What angle has between 91-180 degrees? Obtuse
66%
What is the opposite of a constant? Variable
61%
What is a triangle called if all of its sides are different lengths? Scalene
59%
What two digit number has the most syllables? 77
54%
What's the surface area of a cube with a length of 10? 600
51%
Finish the pattern - Constant, Linear, Quadratic, ________ Cubic
49%
What is 13 in binary? 1101
48%
What shape has 2 parallel sides and 2 that aren't? Trapezoid
47%
What comes first in the order of operations? Groupings
37%
What's the name of a line that comes to an end in each direction? Line {Segment}
37%
What shape has 12 faces? Dodecahedron
34%
What is the name for the point at the top of a cone? Apex
25%
What number is equal to 1000 Quadrillions (not in numerals) Quintillion
20%
What shape has an infinite perimeter Fractal
14%
Miles per hour and meters per second are examples of a _____ Rate
14%
What physicist developed the system for estimating with no real data? Enrico Fermi
5%
No matching quizzes found
Score Distribution
Percent of People with Each Score
Percentile by Number Answered
Your Score History
You have not taken this quiz